<?xml version="1.0" encoding="UTF-8"?>
<record
    xmlns:xsi="http://www.w3.org/2001/XMLSchema-instance"
    xsi:schemaLocation="http://www.loc.gov/MARC21/slim http://www.loc.gov/standards/marcxml/schema/MARC21slim.xsd"
    xmlns="http://www.loc.gov/MARC21/slim">

  <leader>02210nam a22004217a 4500</leader>
  <controlfield tag="003">OSt</controlfield>
  <controlfield tag="005">20260515121551.0</controlfield>
  <controlfield tag="008">260515b        |||||||| |||| 00| 0 aze d</controlfield>
  <datafield tag="020" ind1=" " ind2=" ">
    <subfield code="a">9952340001</subfield>
  </datafield>
  <datafield tag="020" ind1=" " ind2=" ">
    <subfield code="a">9789952340006</subfield>
  </datafield>
  <datafield tag="040" ind1=" " ind2=" ">
    <subfield code="a">AZ-XaKU</subfield>
    <subfield code="b">aze</subfield>
    <subfield code="c">AZ-XaKU</subfield>
  </datafield>
  <datafield tag="041" ind1=" " ind2=" ">
    <subfield code="a">aze</subfield>
  </datafield>
  <datafield tag="050" ind1="1" ind2="4">
    <subfield code="a">PL314 .M892 .Sh139 2006</subfield>
  </datafield>
  <datafield tag="100" ind1="1" ind2=" ">
    <subfield code="a">M&#x259;h&#x259;mm&#x259;d,</subfield>
    <subfield code="d">XVIII &#x259;sr,</subfield>
    <subfield code="e">m&#xFC;&#x259;llif.</subfield>
  </datafield>
  <datafield tag="245" ind1="1" ind2="0">
    <subfield code="a">&#x15E;&#x259;hriyar</subfield>
    <subfield code="b"> : dastan</subfield>
    <subfield code="c"> / M&#x259;h&#x259;mm&#x259;d ; t&#x259;rtib ed&#x259;n, &#xF6;n s&#xF6;z v&#x259; l&#xFC;&#x11F;&#x259;tin m&#xFC;&#x259;llifi : &#x18F;lyar S&#x259;f&#x259;rli ; burax&#x131;l&#x131;&#x15F;a m&#x259;sul : &#x18F;ziz G&#xFC;l&#x259;liyev ; n&#x259;&#x15F;riyyat redaktoru : &#x18F;li&#x15F;irin &#x15E;&#xFC;k&#xFC;rl&#xFC; ; t&#x259;rtibat&#xE7;&#x131;-r&#x259;ssam : N&#x259;rgiz &#x18F;liyeva ; korrektorlar : Elnaz X&#x259;lilq&#x131;z&#x131;, P&#x259;rinaz S&#x259;m&#x259;dova</subfield>
  </datafield>
  <datafield tag="250" ind1=" " ind2=" ">
    <subfield code="a">T&#x259;krar n&#x259;&#x15F;r.</subfield>
  </datafield>
  <datafield tag="264" ind1=" " ind2=" ">
    <subfield code="a">Bak&#x131;: </subfield>
    <subfield code="b">"&#x15E;&#x259;rq-Q&#x259;rb",</subfield>
    <subfield code="c">2006.</subfield>
  </datafield>
  <datafield tag="300" ind1=" " ind2=" ">
    <subfield code="a">215, [1] s&#x259;hif&#x259; ;</subfield>
    <subfield code="b">ill. ;</subfield>
    <subfield code="c">22 sm.</subfield>
  </datafield>
  <datafield tag="336" ind1=" " ind2=" ">
    <subfield code="a">text</subfield>
    <subfield code="b">txt</subfield>
    <subfield code="2">rdacontent</subfield>
  </datafield>
  <datafield tag="337" ind1=" " ind2=" ">
    <subfield code="a">unmediated</subfield>
    <subfield code="b">n</subfield>
    <subfield code="2">rdamedia</subfield>
  </datafield>
  <datafield tag="338" ind1=" " ind2=" ">
    <subfield code="a">volume </subfield>
    <subfield code="b">nc</subfield>
    <subfield code="2">rdacarrier</subfield>
  </datafield>
  <datafield tag="490" ind1="1" ind2=" ">
    <subfield code="a">Klassik Az&#x259;rbaycan &#x259;d&#x259;biyyat&#x131;</subfield>
  </datafield>
  <datafield tag="500" ind1=" " ind2=" ">
    <subfield code="a">Az&#x259;rbaycan Respublikas&#x131;n&#x131;n Prezidenti &#x130;lham &#x18F;liyevin " Az&#x259;rbaycan dilind&#x259; lat&#x131;n qrafikas&#x131; il&#x259; k&#xFC;tl&#x259;vi n&#x259;&#x15F;rl&#x259;rin h&#x259;yata ke&#xE7;irilm&#x259;si haqq&#x131;nda" 12 yanvar 2004-c&#xFC; il tarixli s&#x259;r&#x259;ncam&#x131; il&#x259; n&#x259;&#x15F;r olunur v&#x259; &#xF6;lk&#x259;&#x131; kitabxanalar&#x131;na h&#x259;diyy&#x259; edilir.</subfield>
  </datafield>
  <datafield tag="500" ind1=" " ind2=" ">
    <subfield code="a">Bu kitab "M&#x259;h&#x259;mm&#x259;d. &#x15E;&#x259;hriyar" (Bak&#x131;, Yaz&#x131;&#xE7;&#x131;, 1987) n&#x259;&#x15F;ri &#x259;sas&#x131;nda t&#x259;krar n&#x259;&#x15F;r&#x259; haz&#x131;rlanm&#x131;&#x15F;d&#x131;r.</subfield>
  </datafield>
  <datafield tag="500" ind1=" " ind2=" ">
    <subfield code="a">L&#xFC;&#x11F;&#x259;t : s. 203-214.</subfield>
  </datafield>
  <datafield tag="500" ind1=" " ind2=" ">
    <subfield code="a">S&#x259;tiralt&#x131; qeyd.</subfield>
  </datafield>
  <datafield tag="520" ind1="0" ind2=" ">
    <subfield code="a">&#x18F;s&#x259;rd&#x259; sevgi, m&#x259;n&#x259;vi ucal&#x131;q, insansev&#x259;rlik, etibar, dostluq, s&#x259;daq&#x259;t kimi hissl&#x259;r t&#x259;bli&#x11F; edilir, z&#xFC;lm, &#x15F;&#x259;r, &#x259;dal&#x259;tsizlik kimi keyfiyy&#x259;tl&#x259;r pisl&#x259;nilir. </subfield>
  </datafield>
  <datafield tag="650" ind1=" " ind2="7">
    <subfield code="2">AZ-XaKU</subfield>
    <subfield code="a">B&#x259;dii &#x259;d&#x259;biyyat</subfield>
    <subfield code="x">Az&#x259;rbaycan &#x259;d&#x259;biyyat&#x131;.</subfield>
  </datafield>
  <datafield tag="700" ind1="1" ind2=" ">
    <subfield code="a">S&#x259;f&#x259;rli, &#x18F;lyar,</subfield>
    <subfield code="e">t&#x259;rtib ed&#x259;ni, &#xF6;n s&#xF6;z v&#x259; l&#xFC;&#x11F;&#x259;tin m&#xFC;&#x259;llifi.</subfield>
  </datafield>
  <datafield tag="700" ind1="1" ind2=" ">
    <subfield code="a">G&#xFC;l&#x259;liyev, &#x18F;ziz,</subfield>
    <subfield code="e">burax&#x131;l&#x131;&#x15F;a m&#x259;sul.</subfield>
  </datafield>
  <datafield tag="700" ind1="1" ind2=" ">
    <subfield code="a">&#x15E;&#xFC;k&#xFC;rl&#xFC;, &#x18F;li&#x15F;irin,</subfield>
    <subfield code="e">n&#x259;&#x15F;riyyat redaktoru.</subfield>
  </datafield>
  <datafield tag="700" ind1="1" ind2=" ">
    <subfield code="a">&#x18F;liyeva, N&#x259;rgiz, </subfield>
    <subfield code="e">t&#x259;rtibat&#xE7;&#x131;-r&#x259;ssam.</subfield>
  </datafield>
  <datafield tag="700" ind1="1" ind2=" ">
    <subfield code="a">X&#x259;lilq&#x131;z&#x131;, Elnaz,</subfield>
    <subfield code="e">korrektor.</subfield>
  </datafield>
  <datafield tag="700" ind1="1" ind2=" ">
    <subfield code="a">S&#x259;m&#x259;dova, P&#x259;rinaz,</subfield>
    <subfield code="e">korrektor.</subfield>
  </datafield>
  <datafield tag="830" ind1=" " ind2="0">
    <subfield code="a">Klassik Az&#x259;rbaycan &#x259;d&#x259;biyyat&#x131;</subfield>
  </datafield>
  <datafield tag="942" ind1=" " ind2=" ">
    <subfield code="c">BOOK</subfield>
  </datafield>
  <datafield tag="999" ind1=" " ind2=" ">
    <subfield code="c">493</subfield>
    <subfield code="d">493</subfield>
  </datafield>
  <datafield tag="952" ind1=" " ind2=" ">
    <subfield code="0">0</subfield>
    <subfield code="1">0</subfield>
    <subfield code="2">lcc</subfield>
    <subfield code="4">0</subfield>
    <subfield code="7">0</subfield>
    <subfield code="8">GC</subfield>
    <subfield code="a">KU</subfield>
    <subfield code="b">BEL</subfield>
    <subfield code="d">2026-05-15</subfield>
    <subfield code="l">0</subfield>
    <subfield code="o">PL314 .M892. Sh139 2006 c.2</subfield>
    <subfield code="p">0000000794</subfield>
    <subfield code="r">2026-05-15 11:20:09</subfield>
    <subfield code="t">2</subfield>
    <subfield code="w">2026-05-15</subfield>
    <subfield code="y">BOOK</subfield>
  </datafield>
</record>
